00613nam a2200157 a 4500008004100000050001500041100002500056245002600081246002000107260004800127300001600175350000900191995009500200999001700295952014300312120416s1966 ||||||||||||||||| || u aQA 300 Sco aScott, David Bernard10aMathematical Analysis aan introduction aCambridgebCambridge University Pressc1966 axiii, 465p. a0.00 D0.00FCBU-MAIN LIBRARY (Kitwe)H1I4.95M1UAVAILABLEZMain Library Open Access Collection c50635d50635 00102lcc4070a001b001cMain Library Open Access Collectiond2022-11-30l1oQA 300 Scop011863r2025-12-03s2025-04-24w2022-11-30y002